000 00663nam a2200241Ia 4500
003 OSt
005 20221005093248.0
006 a|||||r|||| 00| 0
007 ta
008 221004b |||||||| |||| 00| 0 eng d
024 _a18204
037 _bGift, 28/05/2015,
_cTextual
040 _aCRL
_cCRL
_beng
041 _2eng
_aeng
082 _aO111,2:g(NT), J3
100 _aBentley Eric
245 0 _aSearch of theater
260 _aNew York
_bVintatge Books U.S.A
_c1953
300 _a385p.
_ccm.
650 _aENGLISH LITERATURE
942 _hO111,2:g(NT), J3
_cTEXL
_2cc
999 _c1000094
_d1000094